<?xml version="1.0" encoding="UTF-8"?>
<record
    xmlns:xsi="http://www.w3.org/2001/XMLSchema-instance"
    xsi:schemaLocation="http://www.loc.gov/MARC21/slim http://www.loc.gov/standards/marcxml/schema/MARC21slim.xsd"
    xmlns="http://www.loc.gov/MARC21/slim">

  <leader>04356cam a22003255a 4500</leader>
  <controlfield tag="001">16845763</controlfield>
  <controlfield tag="005">20160121143442.0</controlfield>
  <controlfield tag="008">110627s2012    nyua   frb    000 0 eng d</controlfield>
  <datafield tag="020" ind1=" " ind2=" ">
    <subfield code="a">9780415894623 (hbk. : alk. paper)</subfield>
  </datafield>
  <datafield tag="020" ind1=" " ind2=" ">
    <subfield code="a">9780415894630 (pbk. : alk. paper )</subfield>
  </datafield>
  <datafield tag="040" ind1=" " ind2=" ">
    <subfield code="a">DLC</subfield>
    <subfield code="c">DLC</subfield>
    <subfield code="d">DLC</subfield>
    <subfield code="d">EG-ScBUE</subfield>
    <subfield code="b">eng</subfield>
  </datafield>
  <datafield tag="043" ind1=" " ind2=" ">
    <subfield code="a">n-us---</subfield>
  </datafield>
  <datafield tag="082" ind1="0" ind2="4">
    <subfield code="a">343.73099</subfield>
    <subfield code="2">22</subfield>
    <subfield code="b">MOO</subfield>
  </datafield>
  <datafield tag="100" ind1="1" ind2=" ">
    <subfield code="a">Moore, Roy L.</subfield>
    <subfield code="9">39131</subfield>
  </datafield>
  <datafield tag="245" ind1="1" ind2="0">
    <subfield code="a">Media law and ethics /</subfield>
    <subfield code="c">Roy L. Moore, Michael D. Murray.</subfield>
  </datafield>
  <datafield tag="250" ind1=" " ind2=" ">
    <subfield code="a">4th ed.</subfield>
  </datafield>
  <datafield tag="260" ind1=" " ind2=" ">
    <subfield code="a">New York ;</subfield>
    <subfield code="a">Oxon :</subfield>
    <subfield code="b">Routledge / Taylor &amp; Francis Group,</subfield>
    <subfield code="c">2012.</subfield>
  </datafield>
  <datafield tag="300" ind1=" " ind2=" ">
    <subfield code="a">xxvi, 755 p. :</subfield>
    <subfield code="b">ill. ;</subfield>
    <subfield code="c">26 cm.</subfield>
  </datafield>
  <datafield tag="490" ind1="0" ind2=" ">
    <subfield code="a">Routledge communication series.</subfield>
  </datafield>
  <datafield tag="500" ind1=" " ind2=" ">
    <subfield code="a">Include indexes. </subfield>
  </datafield>
  <datafield tag="505" ind1="0" ind2="0">
    <subfield code="a">Sources and types of American law -- The U.S. legal system -- The judicial process -- Ethical dilemmas, issues, and concerns in mass communication / Mike Farrell -- Prior restraint -- Corporate and commercial speech -- Electronic mass media and telecommunications -- Libel -- Indecency, obscenity, and pornography -- Right of privacy -- Press and public access to the judicial processes, records, places, and meetings -- Intellectual property -- International and foreign law / Kyu Ho Youm.</subfield>
  </datafield>
  <datafield tag="520" ind1=" " ind2=" ">
    <subfield code="a">"The third edition of &lt;EM&gt;Media Law and Ethics&lt;/EM&gt; features a complete updating of all major U.S. Supreme Court cases and lower court decisions through 1998; more discussion throughout the book on media ethics and the role of ethics in media law; and an updated appendix that now features a copy of the U.S. Constitution, new sample copyright and trademark registration forms, and the current versions of major media codes of ethics, including the new code of the Society of Professional Journalists.&lt;BR&gt;&lt;BR&gt;Extensively updated and expanded chapters provide:&lt;BR&gt;*more detailed explanations of the legal system, the judicial process, and the relationship between media ethics and media law;&lt;BR&gt;*new cases in this developing area of the law that has attracted renewed attention from the U.S. Supreme Court;&lt;BR&gt;*the new Telecommunications Act and the Communications Decency Act;&lt;BR&gt;*a discussion of telecommunications and the Internet;&lt;BR&gt;*new developments in access to courts, records, and meetings such as recent court decisions and statutory changes; and&lt;BR&gt;*more information about trademark and trade secret laws and recent changes in copyright laws, as well as major court decisions on intellectual property.&lt;BR&gt;&lt;BR&gt;The book has also been updated to include new developments in obscenity and indecency laws, such as the Communications Decency Act, and the U.S. Supreme Court decision in Reno vs. ACLU. In addition, the instructor's manual includes a listing of electronic sources of information about media law, sample exams, and a sample syllabus"--</subfield>
  </datafield>
  <datafield tag="520" ind1=" " ind2=" ">
    <subfield code="a">"This is the first textbook to explicitly integrate both media law and ethics within one volume. A truly comprehensive overview, this text is a thoughtful introduction to media law principles and cases and the related ethical concerns relevant to the practice of professional communication. With special attention made to key cases and practices, authors Roy L. Moore and Michael D. Murray revisit the most timely and incendiary issues in modern American media. Exploring where the law ends and ethics begin, each chapter includes a discussion of the ethical dimensions of a specific legal topic. The Fourth Edition includes new legal cases and emerging issues in media law and ethics as well as revised subject and case indexes. In addition to a separate chapter devoted exclusively to media ethics by Michael Farrell, a new chapter on international and foreign law by Dr. Kyu Ho Youm has also been added. Resources on the companion website include updated PowerPoint presentations, an instructor manual, and a sample syllabus for instructors, and study guides, practice quizzes, and all seven of the book's original appendices for students. An excellent integration of both law and ethics, this is the ideal text for undergraduate and graduate courses in media law and ethics"--</subfield>
  </datafield>
  <datafield tag="650" ind1=" " ind2="0">
    <subfield code="a">Mass media</subfield>
    <subfield code="x">Law and legislation</subfield>
    <subfield code="z">United States</subfield>
    <subfield code="v">Cases.</subfield>
    <subfield code="2">BUEsh</subfield>
  </datafield>
  <datafield tag="650" ind1=" " ind2="0">
    <subfield code="a">Mass media</subfield>
    <subfield code="x">Moral and ethical aspects</subfield>
    <subfield code="v">Case studies.</subfield>
    <subfield code="2">BUEsh</subfield>
  </datafield>
  <datafield tag="651" ind1=" " ind2=" ">
    <subfield code="2">BUEsh</subfield>
  </datafield>
  <datafield tag="653" ind1=" " ind2=" ">
    <subfield code="b">COMAME</subfield>
    <subfield code="c">July2015</subfield>
    <subfield code="c">January2016</subfield>
  </datafield>
  <datafield tag="700" ind1="1" ind2=" ">
    <subfield code="a">Murray, Michael D.</subfield>
  </datafield>
  <datafield tag="942" ind1=" " ind2=" ">
    <subfield code="2">ddc</subfield>
  </datafield>
  <datafield tag="999" ind1=" " ind2=" ">
    <subfield code="c">20310</subfield>
    <subfield code="d">20282</subfield>
  </datafield>
  <datafield tag="952" ind1=" " ind2=" ">
    <subfield code="0">0</subfield>
    <subfield code="1">0</subfield>
    <subfield code="2">ddc</subfield>
    <subfield code="4">0</subfield>
    <subfield code="7">0</subfield>
    <subfield code="8">Baccah</subfield>
    <subfield code="a">MAIN</subfield>
    <subfield code="b">MAIN</subfield>
    <subfield code="c">1ST</subfield>
    <subfield code="d">2015-07-08</subfield>
    <subfield code="e">Purchase</subfield>
    <subfield code="g">669.00</subfield>
    <subfield code="h">21782</subfield>
    <subfield code="l">3</subfield>
    <subfield code="m">7</subfield>
    <subfield code="o">343.73099 MOO</subfield>
    <subfield code="p">000039470</subfield>
    <subfield code="r">2025-07-15 00:00:00</subfield>
    <subfield code="s">2023-11-15</subfield>
    <subfield code="v">836.00</subfield>
    <subfield code="y">BB</subfield>
  </datafield>
</record>
